000 00715nam a2200217 a 4500
999 _c3973
_d3973
001 3973
003 BD-JhCC
005 20171210093006.0
008 171119s1990 bg ||||| |||| 00| 0 ben d
035 _a(BD-JhCC)3973
040 _aBD-JhCC
_dBD-JhCC
041 _aben
082 _a891.4409
_bKAZ 1990
245 _aকাজী আবদুল ওদুদ রচনাবলী, দ্বিতীয় খন্ড /
_c আবদুল হক (সম্পাদিত)
260 _aঢাকা :
_bবাংলা একাডেমী,
_c1990.
300 _a353 p. :
_c২৩ cm.
650 _aCollection of works
700 _aহক, আবদুল
942 _2ddc
_cBK